| 000 | 00969nam a2200253Ia 4500 | ||
|---|---|---|---|
| 003 | Ost | ||
| 005 | 20260507075123.0 | ||
| 008 | 260507s9999||||xx |||||||||||||| ||und|| | ||
| 040 | _cfsecg | ||
| 041 | _aara | ||
| 082 | _a300 | ||
| 100 |
_aذوقان، عبيدات _eمؤلف |
||
| 245 | 0 |
_aالبحث العلمي مفهومه وأدواته وأساليبه / _c عبيدات ذوقان |
|
| 250 | _aطبعة 9 | ||
| 260 |
_aعمان: _bدار الفكر للنشر والتوزيع, _c2005 |
||
| 300 |
_a310 صفحة؛ _c24 سم |
||
| 520 | _aالعلم والبحث العلمي-أساسيات البحث العلمي-أدوات البحث العلمي-أساليب البحث-كتابة البحث | ||
| 653 | _aأساليب البحث العلمي | ||
| 653 | _aبحث علمي | ||
| 653 | _aعلم | ||
| 700 |
_aعدس، عبد الرحمان _eمؤلف ثانوي |
||
| 700 |
_aكايد، عبد الحق _eمؤلف ثانوي |
||
| 942 | _cكتاب | ||
| 999 |
_c43102 _d43102 |
||